MARC

LEADER 00000nam0a2200000 4500
001 326825
005 20231102003911.0
035 |a (RuTPU)RU\TPU\book\352485 
090 |a 326825 
100 |a 20170117d1959 m y0rusy50 ca 
101 0 |a rus 
102 |a RU 
105 |a a z 000zb 
200 1 |a Татьяна Ниловна Яблонская  |f В. А. Курильцева 
210 |a Москва  |c Советский художник  |d 1959 
215 |a 79 с.  |c ил. 
600 1 |a Яблонская  |b Т. Н.  |g Татьяна Ниловна  |c российский живописец  |c педагог  |f 1917-  |2 stltpush  |3 (RuTPU)RU\TPU\pers\12365 
606 1 |a Художники  |2 stltpush  |3 (RuTPU)RU\TPU\subj\17691  |9 43265 
610 1 |a творчество 
610 1 |a советская живопись 
610 1 |a картины 
610 1 |a советское искусство 
675 |a 7.071  |v 4 
700 1 |a Курильцева  |b В. А.  |g Валентина Васильевна 
801 1 |a RU  |b 63413507  |c 20170117 
801 2 |a RU  |b 63413507  |c 20210407  |g RCR 
942 |c BK